<?xml version="1.0" encoding="UTF-8"?>
<record
    xmlns:xsi="http://www.w3.org/2001/XMLSchema-instance"
    xsi:schemaLocation="http://www.loc.gov/MARC21/slim http://www.loc.gov/standards/marcxml/schema/MARC21slim.xsd"
    xmlns="http://www.loc.gov/MARC21/slim">

  <leader>00418nam a22001697a 4500</leader>
  <controlfield tag="003">SGT</controlfield>
  <datafield tag="020" ind1=" " ind2=" ">
    <subfield code="a">9789351420880</subfield>
  </datafield>
  <datafield tag="082" ind1=" " ind2=" ">
    <subfield code="a">615.19,</subfield>
    <subfield code="b">I22C</subfield>
  </datafield>
  <datafield tag="100" ind1=" " ind2=" ">
    <subfield code="a">CHATWAL, GURUDEEP R.</subfield>
  </datafield>
  <datafield tag="245" ind1=" " ind2=" ">
    <subfield code="a">INSTRUMENTAL METHODS OF CHEMICAL ANALYSIS</subfield>
  </datafield>
  <datafield tag="250" ind1=" " ind2=" ">
    <subfield code="a">5th</subfield>
  </datafield>
  <datafield tag="260" ind1=" " ind2=" ">
    <subfield code="a">MUMBAI</subfield>
    <subfield code="b">HIMALAYA PUB.</subfield>
    <subfield code="c">2022</subfield>
  </datafield>
  <datafield tag="300" ind1=" " ind2=" ">
    <subfield code="a">2.780</subfield>
  </datafield>
  <datafield tag="650" ind1=" " ind2=" ">
    <subfield code="a">METHODS OF CHEMICAL</subfield>
  </datafield>
  <datafield tag="653" ind1=" " ind2=" ">
    <subfield code="a">METHODS CHEMICAL ANALYSIS</subfield>
  </datafield>
  <datafield tag="942" ind1=" " ind2=" ">
    <subfield code="2">ddc</subfield>
    <subfield code="c">BK</subfield>
    <subfield code="0">14</subfield>
  </datafield>
  <datafield tag="952" ind1=" " ind2=" ">
    <subfield code="0">0</subfield>
    <subfield code="1">0</subfield>
    <subfield code="2">ddc</subfield>
    <subfield code="4">0</subfield>
    <subfield code="7">0</subfield>
    <subfield code="8">FP</subfield>
    <subfield code="a">APL</subfield>
    <subfield code="b">APL</subfield>
    <subfield code="c">TXT</subfield>
    <subfield code="d">2022-11-25</subfield>
    <subfield code="e">ABC. PUB</subfield>
    <subfield code="g">698.00</subfield>
    <subfield code="i">SGTU</subfield>
    <subfield code="l">1</subfield>
    <subfield code="o">615.19, I22C</subfield>
    <subfield code="p">FP4563</subfield>
    <subfield code="r">2025-02-21 00:00:00</subfield>
    <subfield code="s">2025-02-21</subfield>
    <subfield code="w">2022-11-11</subfield>
    <subfield code="y">BK</subfield>
    <subfield code="k">15336</subfield>
  </datafield>
  <datafield tag="952" ind1=" " ind2=" ">
    <subfield code="0">0</subfield>
    <subfield code="1">0</subfield>
    <subfield code="2">ddc</subfield>
    <subfield code="4">0</subfield>
    <subfield code="7">0</subfield>
    <subfield code="8">FP</subfield>
    <subfield code="a">APL</subfield>
    <subfield code="b">APL</subfield>
    <subfield code="c">TXT</subfield>
    <subfield code="d">2022-11-25</subfield>
    <subfield code="e">ABC. PUB</subfield>
    <subfield code="g">698.00</subfield>
    <subfield code="i">SGTU</subfield>
    <subfield code="l">3</subfield>
    <subfield code="o">615.19, I22C</subfield>
    <subfield code="p">FP4564</subfield>
    <subfield code="r">2024-06-08 00:00:00</subfield>
    <subfield code="s">2024-06-06</subfield>
    <subfield code="w">2022-11-11</subfield>
    <subfield code="y">BK</subfield>
    <subfield code="k">15336</subfield>
  </datafield>
  <datafield tag="952" ind1=" " ind2=" ">
    <subfield code="0">0</subfield>
    <subfield code="1">0</subfield>
    <subfield code="2">ddc</subfield>
    <subfield code="4">0</subfield>
    <subfield code="7">0</subfield>
    <subfield code="8">FP</subfield>
    <subfield code="a">APL</subfield>
    <subfield code="b">APL</subfield>
    <subfield code="c">TXT</subfield>
    <subfield code="d">2022-11-25</subfield>
    <subfield code="e">ABC. PUB</subfield>
    <subfield code="g">698.00</subfield>
    <subfield code="i">SGTU</subfield>
    <subfield code="l">5</subfield>
    <subfield code="o">615.19, I22C</subfield>
    <subfield code="p">FP4565</subfield>
    <subfield code="r">2025-08-29 00:00:00</subfield>
    <subfield code="s">2025-08-28</subfield>
    <subfield code="w">2022-11-11</subfield>
    <subfield code="y">BK</subfield>
    <subfield code="k">15336</subfield>
  </datafield>
  <datafield tag="952" ind1=" " ind2=" ">
    <subfield code="0">0</subfield>
    <subfield code="1">0</subfield>
    <subfield code="2">ddc</subfield>
    <subfield code="4">0</subfield>
    <subfield code="7">0</subfield>
    <subfield code="8">FP</subfield>
    <subfield code="a">APL</subfield>
    <subfield code="b">APL</subfield>
    <subfield code="c">TXT</subfield>
    <subfield code="d">2022-11-25</subfield>
    <subfield code="e">ABC. PUB</subfield>
    <subfield code="g">698.00</subfield>
    <subfield code="i">SGTU</subfield>
    <subfield code="l">5</subfield>
    <subfield code="o">615.19, I22C</subfield>
    <subfield code="p">FP4566</subfield>
    <subfield code="r">2026-04-23 00:00:00</subfield>
    <subfield code="s">2026-04-23</subfield>
    <subfield code="w">2022-11-11</subfield>
    <subfield code="y">BK</subfield>
    <subfield code="k">15336</subfield>
  </datafield>
  <datafield tag="952" ind1=" " ind2=" ">
    <subfield code="0">0</subfield>
    <subfield code="1">0</subfield>
    <subfield code="2">ddc</subfield>
    <subfield code="4">0</subfield>
    <subfield code="7">0</subfield>
    <subfield code="8">FP</subfield>
    <subfield code="a">APL</subfield>
    <subfield code="b">APL</subfield>
    <subfield code="c">TXT</subfield>
    <subfield code="d">2022-11-25</subfield>
    <subfield code="e">ABC. PUB</subfield>
    <subfield code="g">698.00</subfield>
    <subfield code="i">SGTU</subfield>
    <subfield code="l">3</subfield>
    <subfield code="o">615.19, I22C</subfield>
    <subfield code="p">FP4567</subfield>
    <subfield code="r">2024-06-08 00:00:00</subfield>
    <subfield code="s">2024-06-06</subfield>
    <subfield code="w">2022-11-11</subfield>
    <subfield code="y">BK</subfield>
    <subfield code="k">15336</subfield>
  </datafield>
  <datafield tag="999" ind1=" " ind2=" ">
    <subfield code="c">23481</subfield>
    <subfield code="d">23481</subfield>
  </datafield>
</record>
